[Event "Helsingor Northcoast Cup"]
[Site "Helsingor"]
[Date "2020.10.06"]
[Round "1"]
[White "Madsen, Dennis"]
[Black "Weichel, Rene Fabricius"]
[Result "0-1"]
[WhiteElo "1603"]
[BlackElo "1642"]
[PlyCount "58"]
[EventDate "2020.10.06"]
[EventType "swiss"]
[EventRounds "6"]
[EventCountry "DEN"]
[SourceTitle "EXT 2024"]
[Source "ChessBase"]
[SourceDate "2023.10.10"]
[SourceVersion "1"]
[SourceVersionDate "2023.10.10"]
[SourceQuality "1"]

1. d4 e5 2. e4 exd4 3. Bc4 Bb4+ 4. Bd2 Bxd2+ 5. Nxd2 c5 6. Bxf7+ Kxf7 7. Qh5+ g6 8. Qxc5 d6 9. Qd5+ Kg7 10. Qxd4+ Qf6 11. Ngf3 Nc6 12. Qxf6+ Nxf6 13. 0-0-0 Rd8 14. h3 Be6 15. Ng5 Bg8 16. f4 Rac8 17. f5 Nb4 18. Ne6+ Bxe6 19. fxe6 Nd3+ 20. Kb1 Nf2 21. Rhf1 Nxd1 22. Rxd1 d5 23. e5 Ne4 24. Nf3 Rc7 25. Nd4 a6 26. Nb3 Re7 27. Nd4 Ng5 28. c4 Nxe6 29. cxd5 Nxd4 0-1